00523nam a22001697a 4500003000900000008004100009040007100050082002400121110003400145245006300179260001800242300002800260505002000288650000800308650001500316650002200331AR-CdUCM190411b ||||| |||| 00| 0 spa d aMUNICIPALIDAD PROVINCIAL DEL CUSCOcBIBLIOTECA MUNICIPAL DEL CUSCO a343.5 /bJ92 / 1966 aJurado nacional de elecciones aLegislacion electoral del Perú :banotada y concordada / aLima :c1966. a255 páginas ;c16 cm. aContenido: JNE. aJNE aElecciones aPerú elecciones